The Turn of the Screw and other short novels
محفوظ في:
| المؤلف الرئيسي: | |
|---|---|
| التنسيق: | كتاب |
| اللغة: | Undetermined |
| منشور في: |
New York, Estados Unidos
A Signet Classic
[s.f.]
|
| الموضوعات: | |
| الوسوم: |
إضافة وسم
لا توجد وسوم, كن أول من يضع وسما على هذه التسجيلة!
|
MARC
| LEADER | 00000nam a2200000Ia 4500 | ||
|---|---|---|---|
| 008 | 170316s9999 xx 000 0 und d | ||
| 040 | |a cru BVZT | ||
| 090 | |a 810 J-3t | ||
| 100 | |a James, Henry | ||
| 245 | 4 | |a The Turn of the Screw and other short novels | |
| 260 | |a New York, Estados Unidos | ||
| 260 | |b A Signet Classic | ||
| 260 | |c [s.f.] | ||
| 300 | |a 451 páginas | ||
| 650 | |a LITERATURA ESTADOUNIDENSE | ||
| 999 | |c 5795 |d 5795 | ||
| 942 | |c 15 D |h 810 J-3t |2 z | ||
